000 00273nam a22001337a 4500
008 170926b xxu||||| |||| 00| 0 eng d
020 _a9781256148395
041 _aeng
080 _a37
100 _a46
101 _aedu
245 _aIARRIBA
_cZAYAS.E
942 _2udc
_cBK
999 _c29946
_d29946